Les plus gros partenaires commerciaux - Colombie - Statistiques

Statistiques générales
  • Ce quiz a été pris 94 fois
  • Le résultat moyen est 19 sur 22
Statistiques - réponses
exportations importations pays % Correct
10.1 bil 11.9 bil Etats-Unis
100%
0.829 bil France
98%
0.614 bil Venezuela
97%
0.995 bil 2.12 bil Brésil
96%
1.21 bil 8.68 bil Chine
96%
0.767 bil Canada
95%
1.16 bil 0.918 bil Espagne
95%
0.937 bil 3.41 bil Mexique
95%
1.20 bil 0.805 bil Équateur
92%
0.476 bil 1.71 bil Allemagne
89%
0.482 bil Royaume-Uni
89%
1.12 bil Japon
87%
1.05 bil 0.682 bil Pérou
87%
0.670 bil 0.721 bil Chili
86%
0.534 bil Bolivie
84%
0.439 bil 0.762 bil Italie
82%
1.91 bil Panama
81%
0.946 bil Inde
79%
0.889 bil Corée du Sud
70%
1.54 bil Pays-Bas
67%
0.451 bil Belgique
55%
0.761 bil Turquie
44%
Aucun quiz correspondant
Distribution des résultats
% des personnes avec chaque résultat
Percentile par nombre de réponses
Votre historique - résultats
Vous n’avez pas pris ce quiz